000 02317nam a2200481 c 4500
999 _c104670
_d104670
003 BLK
005 20250703152522.0
008 180409b bul|||||r ||||||| ||bul||
010 _aKNG00109780000
020 _a954-91142-1-Х
040 _aBLK
041 _aBUL
_cBUL
080 _aВътрешна политика. Вж и 329
_b323
_x(497.2)(091)(093.2)
_z323(497.2)(091)(093.2)
080 _aДейност на учреждения, организации, общества и др. по опазване на природата
_b502:061
_x.2(497.2)(091)(093.2)
_z502:061.2(497.2)(091)(093.2)
080 _aЗамърсяване на въздуха
_b504.3.054
_x(497.2)(091)(093.2)
_z504.3.054(497.2)(091)(093.2)
139 _aРусенският комитет
_bР 95
245 1 0 _aРусенският комитет
_bДокум. сб. с материали от Центр. държ. арх. и арх. на Общ. к-т за еколог. защита на гр. Русе
_cсъстав. Георги Мишев; състав. Велислава Дърева.
257 _aBGR
260 _bФонд. Д-р Желю Желев
_c2002
_fСофия : Ирис 98
300 _a440 с.
_bс ил., факс.
_c21 см
380 _a3
490 1 _aПрезидентска библиотека
_v5
500 _aСъдържа и Из периодичния печат. - Офс. изд.
650 4 _aБългария - вътрешна политика - документи
_9247148
650 4 _aНеправителствени организации - България
_9263097
650 4 _aРусе - екологични проблеми
_9292757
653 _aвътрешна политика
653 _aБългария
653 _aРусенски комитет
653 _aзамърсяване на въздуха
653 _aРусе
659 _aК
700 _aМишев, Георги
_d1935 -
_qИванов, Георги Мишев
_9369126
700 1 _aДърева, Велислава
_eсъстав.
_9309990
852 _aЦб 217245
852 _aК 32/Р 95
856 4 _qpdf
856 4 _qpdf
942 _cKNG
_n0
_s1
_01
944 _aCR
_c18.12.2003
_k30545
_lНора Радева
944 _aED
_c05.10.2005
999 _d104670